000 00240nam a2200097Ia 4500
005 20251222114414.0
008 251222s1900||||xx |||||||||||||| ||spa||
082 _aDVD0010/D36/1987/BR
245 4 _aThe untouchables:Los intocables
942 _cDVD
999 _c2155
_d2155